Biblioteca y Centro de Documentación

Régionalisation économique en Asie et en Europe (Registro nro. 31131)

Detalles MARC
000 -CABECERA
Longitud fija campo de control 01744naa a2200481 c 4500
001 - NÚMERO DE CONTROL
Número de control 31131
003 - IDENTIFICADOR DE NÚMERO DE CONTROL
Identificador del número de control ES-MaCES
005 - FECHA Y HORA DE LA ÚLTIMA TRANSACCIÓN
Fecha y hora de la última transacción 20150929135535.0
008 - CAMPO FIJO DE DESCRIPCIÓN FIJA--INFORMACIÓN GENERAL
Códigos de información de longitud fija   990518n1998 fr d 100 | fre d
035 ## - NÚMERO DE CONTROL DEL SISTEMA
Número de control del sistema CES19990001078v
040 ## - FUENTE DE CATALOGACIÓN
Centro catalogador de origen ES-MaCES
Lengua de catalogación spa
Centro transcriptor ES-MaCES
041 0# - CÓDIGO DE IDIOMA
Código de lengua del texto;banda sonora o título independiente fre
-- eng
111 2# - ENCABEZAMIENTO PRINCIPAL--NOMBRE DE REUNIÓN
Nombre de congreso o jurisdicción como elemento de entrada Conférence Franco-Japonaise d'economie
Número del congreso o número de parte o sección de la obra
Fecha del congreso 1995
Sede del congreso Shinjuku-ku, Tokyo
9 (RLIN) 454
245 10 - MENCIÓN DE TÍTULO
Título Régionalisation économique en Asie et en Europe
Resto del título : signification théorique
Mención de responsabilidad, etc. Ve Conférence Franco-Japonaise d'economie, 25-26 octobre 1995, Université de Waseda
500 ## - NOTA GENERAL
Nota general Incluye gráf.
500 ## - NOTA GENERAL
Nota general Textos en francés e inglés
504 ## - NOTA DE BIBLIOGRAFÍA, ETC.
Nota de bibliografía, etc. Bibliografía
650 #4 - ASIENTO SECUNDARIO DE MATERIA--TÉRMINO DE MATERIA
Término de materia o nombre geográfico como elemento inicial cuadros estadísticos
9 (RLIN) 28890
650 #4 - ASIENTO SECUNDARIO DE MATERIA--TÉRMINO DE MATERIA
Término de materia o nombre geográfico como elemento inicial conferencia
9 (RLIN) 27013
650 #4 - ASIENTO SECUNDARIO DE MATERIA--TÉRMINO DE MATERIA
Término de materia o nombre geográfico como elemento inicial país mediterráneo
9 (RLIN) 29050
650 #4 - ASIENTO SECUNDARIO DE MATERIA--TÉRMINO DE MATERIA
Término de materia o nombre geográfico como elemento inicial Asia
9 (RLIN) 26905
650 #4 - ASIENTO SECUNDARIO DE MATERIA--TÉRMINO DE MATERIA
Término de materia o nombre geográfico como elemento inicial estudio de casos
9 (RLIN) 28846
650 #4 - ASIENTO SECUNDARIO DE MATERIA--TÉRMINO DE MATERIA
Término de materia o nombre geográfico como elemento inicial desempleo
9 (RLIN) 28308
650 #4 - ASIENTO SECUNDARIO DE MATERIA--TÉRMINO DE MATERIA
Término de materia o nombre geográfico como elemento inicial zona de libre comercio
9 (RLIN) 28006
650 #4 - ASIENTO SECUNDARIO DE MATERIA--TÉRMINO DE MATERIA
Término de materia o nombre geográfico como elemento inicial economía industrial
9 (RLIN) 27619
650 #4 - ASIENTO SECUNDARIO DE MATERIA--TÉRMINO DE MATERIA
Término de materia o nombre geográfico como elemento inicial política industrial
9 (RLIN) 27627
650 #4 - ASIENTO SECUNDARIO DE MATERIA--TÉRMINO DE MATERIA
Término de materia o nombre geográfico como elemento inicial Mercado Unico Europeo
9 (RLIN) 30652
650 #4 - ASIENTO SECUNDARIO DE MATERIA--TÉRMINO DE MATERIA
Término de materia o nombre geográfico como elemento inicial producción
9 (RLIN) 28240
650 #4 - ASIENTO SECUNDARIO DE MATERIA--TÉRMINO DE MATERIA
Término de materia o nombre geográfico como elemento inicial sector público
9 (RLIN) 27150
650 #4 - ASIENTO SECUNDARIO DE MATERIA--TÉRMINO DE MATERIA
Término de materia o nombre geográfico como elemento inicial administración social
9 (RLIN) 27215
650 #4 - ASIENTO SECUNDARIO DE MATERIA--TÉRMINO DE MATERIA
Término de materia o nombre geográfico como elemento inicial inversiones de capital
9 (RLIN) 28140
650 #4 - ASIENTO SECUNDARIO DE MATERIA--TÉRMINO DE MATERIA
Término de materia o nombre geográfico como elemento inicial organismo regional
9 (RLIN) 26669
650 #4 - ASIENTO SECUNDARIO DE MATERIA--TÉRMINO DE MATERIA
Término de materia o nombre geográfico como elemento inicial integración económica
9 (RLIN) 27962
650 #4 - ASIENTO SECUNDARIO DE MATERIA--TÉRMINO DE MATERIA
Término de materia o nombre geográfico como elemento inicial desarrollo regional
9 (RLIN) 29186
650 #4 - ASIENTO SECUNDARIO DE MATERIA--TÉRMINO DE MATERIA
Término de materia o nombre geográfico como elemento inicial nuevo orden económico internacional
9 (RLIN) 29223
650 #4 - ASIENTO SECUNDARIO DE MATERIA--TÉRMINO DE MATERIA
Término de materia o nombre geográfico como elemento inicial economía
9 (RLIN) 26781
653 10 - TÉRMINO DE INDEXACIÓN--NO CONTROLADO
Término no controlado Economía
650 #4 - ASIENTO SECUNDARIO DE MATERIA--TÉRMINO DE MATERIA
9 (RLIN) 26752
Término de materia o nombre geográfico como elemento inicial UE
773 0# - ENTRADA DE DOCUMENTO FUENTE
Título Economies et sociétés
Parte(s) relacionada(s) T. 32, n. 10 (oct. 1998){10151 R. 027863}; 290 p.
Número de control del registro relacionado (ES-MaCES)25169
Itemnumber del ítem fuente 38858
902 ## - CES. TIPO DE DOCUMENTO
Tipodoc (006$c Sirtex) MON Monográfico de revista
942 ## - ELEMENTOS KOHA
Fuente de clasificaión o esquema Clasificación propia del CES
Koha [por defecto] tipo de item Artículos (1982-2017)
Parte de clasificación 0.0.

No hay ítems disponibles.

© CES, Consejo Económico y Social de España 2021